| 000 | 00854nas a2200289 4500 | ||
|---|---|---|---|
| 001 | BR2015003510 | ||
| 003 | BR-BrBNA | ||
| 005 | 20231205125419.0 | ||
| 007 | ta | ||
| 008 | 230509b bl.|||p| |||| 00| 00por d | ||
| 040 |
_aBR-BrBNA _bpor _cBiblioteca Nacional de Agricultura |
||
| 041 | _a(Pt) | ||
| 072 | _aP01 | ||
| 100 | 1 | _aGênero, L.C. | |
| 100 | 1 | _aGuerini, M. | |
| 100 | 1 | _aTorres, Q. | |
| 100 | 1 | _aFrigo, E.P. | |
| 100 | 1 | _aZanon, E. | |
| 245 | 1 | _aProdução de hidrogênio a partir de biogás | |
| 650 | _aMEIO AMBIENTE | ||
| 650 | _aBIOGÁS | ||
| 650 | _aHIDROGÊNIO | ||
| 773 | 0 |
_tActa Iguazu (Brazil) _xISSN 2316-4093 _g(2013), v. 2(1) p. 29-42 _wBR2015003510 |
|
| 856 | 4 | 0 | _uhttp://e-revista.unioeste.br/index.php/actaiguazu/article/download/8047/5951 |
| 909 |
_a202311 _bLúcia _c55 _dLúcia Elande |
||
| 942 |
_2AGRIS _n0 _cANA |
||
| 999 |
_c244251 _d244251 |
||